000 00783nam a2200289Ia 4500
005 20260324111247.0
008 008 260324s9999 xx 000 0 eng d
020 _a9781003530299
037 _aEBOOK
040 _aCRL
040 _beng
040 _cCRL
041 _2eng
041 _aeng
084 _qCRL
100 _aEmnet Tadesse Woldegiorgis; Logan Govender; Dennis Zami Atibuni
_91137820
245 0 _aRethinking Higher Education in Post-Apartheid South Africa
245 0 _bTransformative Trajectories within a Decolonial Paradigm
260 _bTaylor and Francis
260 _c2025
365 _a
365 _b230
856 _uhttp://www.taylorfrancis.com/books/9781003530299
942 _cEBOOK
999 _c1726581
_d1726581